| 000 | 00868nam a22001817a 4500 | ||
|---|---|---|---|
| 005 | 20131021120903.0 | ||
| 008 | 101203t xxu||||| |||| 00| 0 eng d | ||
| 020 | _a9781412922623 | ||
| 080 |
_a004.7 _bWIL.1 R |
||
| 100 |
_aWillcocks, Leslie P.,ed. _eed.by |
||
| 245 |
_aMajor currents in information systems _ced.by Leslie P Willcocks and Allen S Lee |
||
| 260 |
_aLondon _bSage _c2008 |
||
| 300 | _a5v. | ||
| 500 | _av.1, Information systems infrastructure.-v.2, Information systems development.-v.3, Design theories and research practices.-v.4, Management of information systems.-v.5, Social and organizational information systems research.-v.6, Information systems, globalization and developing countries. | ||
| 653 |
_aComputer science _aManagement information systems _aInformation technology-Management |
||
| 700 |
_aLee, Allen S.,ed. _913919 |
||
| 942 | _cREF | ||
| 999 |
_c71241 _d71240 |
||